000 00267nam a22000977a 4500
008 240220b |||||||| |||| 00| 0 eng d
082 _aC
_bALEO
100 1 0 _aAlemagna, Beatrice
_eautor
_943466
245 _aOn a magical do-nothing day /
_cBeatrice Alemagna
942 _2ddc
999 _c30662
_d17046